Normal view MARC view

Entry Corporate Name

Number of records used in: 2

001 - CONTROL NUMBER

  • control field: 578

003 - CONTROL NUMBER IDENTIFIER

  • control field: OSt

005 - DATE AND TIME OF LATEST TRANSACTION

  • control field: 20110409132717.0

008 - FIXED-LENGTH DATA ELEMENTS

  • fixed length control field: 110409|||a|||||| | ||| d

040 ## - CATALOGING SOURCE

  • Original cataloging agency: OSt
  • Transcribing agency: OSt

110 ## - HEADING--CORPORATE NAME

  • Corporate name or jurisdiction name as entry element: Uganda Constitutional Commission.

670 ## - SOURCE DATA FOUND

  • Source citation: Work cat.: (OSt)0: Uganda. 554, The Constitution of Uganda 1962., 1991.